000 01479nam a2200217 a 4500
005 20260322212026.0
008 data
099 _aDVD 943
100 1 _aGarland, Judy.
245 1 4 _aThe wizard of Oz.
_cMetro-Goldwyn-Mayer presents a Victor Fleming production ; produced by Loews Incorporated ; produced by Mervyn LeRoy ; directed by Victor Fleming ; screenplay by Noel Langley, Florence Ryerson and Edgar Allan Woolfe ; adaptation by Noel Langley. Film editor, Blanche Sewell ; photography, Harold Rosson ; special effects, Arnold Gillespie ; musical adaptation, Herbert Stothart ; lyrics, E.Y. Harburg ; music, Harold Arlen ; costumes, Adrian.
260 _aBurbank, CA :
_bMetro-Goldwyn-Mayer. ; production company.; Warner Home Video (Firm), ;
_c2013.
300 _a DVD video 2 videodiscs (102 min.) : sound, color, sepia tone ;
_b4 3/4 in.
500 _aOriginally produced as a motion picture in 1939./
520 _aThe charming film based on the popular L. Frank Baum novel, Dorothy and her dog Toto, are caught in a tornado's path and somehow end up in the land of Oz. Here she encounters some memorable friends and foes in her journey to meet the Wizard of Oz who everyone says can help her return home and possibly grant her new friends their goals of a brain, heart and courage.
650 0 _aMusical films
650 0 _aFantasy films
650 0 _aChildren's films
700 1 _aFleming, Victor,
_d1883-1949.
700 1 _aLeRoy, Mervyn,
_d1900-1987.
001 data
999 _c603
_d603